<?xml version="1.0" encoding="UTF-8"?>
<collection xmlns="http://www.loc.gov/MARC21/slim">
 <record>
  <leader>01349nam a22002297a 4500</leader>
  <controlfield tag="001">NCT_141803</controlfield>
  <controlfield tag="008">220929b        xxu||||| |||| 00| 0 vie d</controlfield>
  <datafield tag="999" ind1=" " ind2=" ">
   <subfield code="c">7299</subfield>
   <subfield code="d">7299</subfield>
  </datafield>
  <datafield tag="020" ind1=" " ind2=" ">
   <subfield code="a">9789383989362</subfield>
   <subfield code="c">3200000</subfield>
  </datafield>
  <datafield tag="082" ind1="0" ind2="4">
   <subfield code="2">23rd ed.</subfield>
   <subfield code="a">616.5</subfield>
   <subfield code="b">Th561</subfield>
  </datafield>
  <datafield tag="100" ind1="1" ind2=" ">
   <subfield code="a">Tirant, Michael</subfield>
  </datafield>
  <datafield tag="245" ind1="1" ind2="0">
   <subfield code="a">Hình ảnh lâm sàng và bệnh học trong chuyên ngành da liễu</subfield>
   <subfield code="c">Michael Tirant, Torello Lotti, Davinder Parsad(Đồng tác giả); Nguyễn Văn Thường (Chủ biên)</subfield>
  </datafield>
  <datafield tag="260" ind1=" " ind2=" ">
   <subfield code="a">H.</subfield>
   <subfield code="b">Hà Nội</subfield>
   <subfield code="c">2019</subfield>
  </datafield>
  <datafield tag="300" ind1=" " ind2=" ">
   <subfield code="a">623 tr.</subfield>
   <subfield code="b">Minh họa</subfield>
   <subfield code="c">28cm</subfield>
  </datafield>
  <datafield tag="520" ind1=" " ind2=" ">
   <subfield code="a">Cuốn sách này nói về nguyên tắc cơ bản của da liễu, di truyền học và miễn dịch học, các bệnh da liễu, Da liễu Đại cương, Bệnh Lý cơ địa, Bệnh Sần, Đỏ da bong vảy, Bệnh da nhiễm khuẩn, Bệnh da dị ứng, Bệnh da tự miễn, Bệnh lý mô liên kết khác,...</subfield>
  </datafield>
  <datafield tag="653" ind1=" " ind2=" ">
   <subfield code="a">Dược học</subfield>
  </datafield>
  <datafield tag="700" ind1="1" ind2=" ">
   <subfield code="a">Lotti, Torello</subfield>
  </datafield>
  <datafield tag="700" ind1="1" ind2=" ">
   <subfield code="a">Parsad, Davinder</subfield>
  </datafield>
  <datafield tag="700" ind1="1" ind2=" ">
   <subfield code="a">Nguyễn Văn Thường</subfield>
   <subfield code="e">Chủ biên</subfield>
  </datafield>
  <datafield tag="942" ind1=" " ind2=" ">
   <subfield code="2">ddc</subfield>
   <subfield code="c">BK</subfield>
  </datafield>
  <datafield tag="952" ind1=" " ind2=" ">
   <subfield code="0">0</subfield>
   <subfield code="1">0</subfield>
   <subfield code="2">ddc</subfield>
   <subfield code="4">0</subfield>
   <subfield code="6">616_500000000000000_TH561</subfield>
   <subfield code="7">0</subfield>
   <subfield code="9">26320</subfield>
   <subfield code="a">000001</subfield>
   <subfield code="b">000001</subfield>
   <subfield code="d">2022-09-29</subfield>
   <subfield code="o">616.5 Th561</subfield>
   <subfield code="p">MD.20780</subfield>
   <subfield code="r">2022-09-29</subfield>
   <subfield code="v">999999.99</subfield>
   <subfield code="w">2022-09-29</subfield>
   <subfield code="y">BK</subfield>
  </datafield>
  <datafield tag="980" ind1=" " ind2=" ">
   <subfield code="a">Thư viện Trường Đại học Nam Cần Thơ</subfield>
  </datafield>
 </record>
</collection>
